Die Gefährdungsdelikte
| Autor principal: | |
|---|---|
| Tipo de documento: | Print Libro |
| Lenguaje: | Alemán |
| Publicado: |
Berlin
Duncker und Humblot
1998
|
| En: |
Kölner kriminalwissenschaftliche Schriften (27)
Año: 1998 |
| Acceso en línea: |
Contenido Índice Índice Información sobre el editorial |
| Verificar disponibilidad: | HBZ Gateway |
| Servicio de pedido Subito: | Pedir ahora. |
| Palabras clave: |
MARC
| LEADER | 00000cam a2200000 c 4500 | ||
|---|---|---|---|
| 001 | 27515890X | ||
| 003 | DE-627 | ||
| 005 | 20260206194217.0 | ||
| 007 | tu | ||
| 008 | 980821s1998 gw ||||| m 00| ||ger c | ||
| 015 | |a 98,N33,0362 |2 dnb | ||
| 015 | |a 98,A47,0603 |2 dnb | ||
| 016 | 7 | |a 954176758 |2 DE-101 | |
| 020 | |a 342809476X |9 3-428-09476-X | ||
| 035 | |a (DE-627)27515890X | ||
| 035 | |a (DE-603)059292989 | ||
| 035 | |a (DE-576)068010222 | ||
| 035 | |a (DE-599)GBV27515890X | ||
| 035 | |a (OCoLC)237317274 | ||
| 035 | |a (OCoLC)40362247 | ||
| 040 | |a DE-627 |b ger |c DE-627 |e rakwb | ||
| 041 | |a ger | ||
| 044 | |c XA-DE | ||
| 084 | |a 19 |2 sdnb | ||
| 084 | |a PH 3020 |2 rvk |0 (DE-625)rvk/136017: | ||
| 084 | |a 86.35 |2 bkl | ||
| 100 | 1 | |a Zieschang, Frank |d 1963- |0 (DE-588)12244079X |0 (DE-627)081944136 |0 (DE-576)169286746 |4 aut | |
| 109 | |a Zieschang, Frank 1963- |a Zieschang, F. 1963- | ||
| 245 | 1 | 4 | |a Die Gefährdungsdelikte |c von Frank Zieschang |
| 263 | |a brosch. : DM 148.00, S 1080.00, sfr 131.00 | ||
| 264 | 1 | |a Berlin |b Duncker und Humblot |c 1998 | |
| 300 | |a 435 S. | ||
| 336 | |a Text |b txt |2 rdacontent | ||
| 337 | |a ohne Hilfsmittel zu benutzen |b n |2 rdamedia | ||
| 338 | |a Band |b nc |2 rdacarrier | ||
| 361 | 1 | |5 DE-8-3 |y 313873100 |s Str. IV 2496 |o Vorbesitz |a Wagner, Heinz |0 (DE-588)101493673X |0 (DE-627)705305570 |0 (DE-576)349856818 |z 2. Ex. | |
| 490 | 1 | |a Kölner kriminalwissenschaftliche Schriften |v 27 | |
| 502 | |a Zugl.: Köln, Univ., Habil.-Schr., 1997/98 | ||
| 583 | 1 | |a Archivierung prüfen |c 20240324 |f DE-4165 |z 3 |2 pdager | |
| 655 | 7 | |a Hochschulschrift |0 (DE-588)4113937-9 |0 (DE-627)105825778 |0 (DE-576)209480580 |2 gnd-content | |
| 689 | 0 | 0 | |d s |0 (DE-588)4121323-3 |0 (DE-627)105770280 |0 (DE-576)209542330 |a Gefährdungsdelikt |2 gnd |
| 689 | 0 | |5 DE-101 | |
| 689 | 1 | 0 | |d s |0 (DE-588)4121323-3 |0 (DE-627)105770280 |0 (DE-576)209542330 |a Gefährdungsdelikt |2 gnd |
| 689 | 1 | |5 (DE-627) | |
| 751 | |a Köln |0 (DE-588)4031483-2 |0 (DE-627)106265458 |0 (DE-576)208992669 |4 uvp | ||
| 830 | 0 | |a Kölner kriminalwissenschaftliche Schriften |v 27 |9 27 |w (DE-627)182345203 |w (DE-576)020255802 |w (DE-600)1199637-7 |x 0936-2711 |7 am | |
| 856 | 4 | 2 | |u https://swbplus.bsz-bw.de/bsz068010222vlg.htm |m V:DE-576 |v 2006-08-08 |3 Inhaltstext |7 1 |
| 856 | 4 | 2 | |u http://www.gbv.de/dms/spk/sbb/toc/27515890X.pdf |m V:DE-601 |m B:DE-1 |q pdf/application |x Verlag |y Inhaltsverzeichnis |3 Inhaltsverzeichnis |7 1 |
| 856 | 4 | 2 | |u http://scans.hebis.de/HEBCGI/show.pl?05929298_vlg.html |m V:DE-576 |q text/html |3 Verlagsinformation |7 1 |
| 856 | 4 | 2 | |u http://scans.hebis.de/HEBCGI/show.pl?05929298_toc.pdf |m V:DE-605;X:Imageware |q application/pdf |3 Inhaltsverzeichnis |7 1 |
| 889 | |w (DE-627)247218499 | ||
| 935 | |i mdedup | ||
| 935 | |i Blocktest | ||
| 935 | |h HEB |i 0501 | ||
| 935 | |h HEB |i 0503 | ||
| 936 | r | v | |a PH 3020 |b Lehre von der Straftat, Deliktsaufbau |k Rechtswissenschaft |k Strafrecht, Strafverfahrensrecht, Kriminologie |k Strafrecht |k Allgemeiner Teil des StGB |k Lehre von der Straftat, Deliktsaufbau |0 (DE-627)1272236730 |0 (DE-625)rvk/136017: |0 (DE-576)202236730 |
| 936 | b | k | |a 86.35 |j Strafrecht: Besonderer Teil |0 (DE-627)106416731 |
| 936 | s | n | |a p100 |2 mzub |
| 951 | |a BO | ||
| ELC | |b 1 | ||
| LOK | |0 000 xxxxxcx a22 zn 4500 | ||
| LOK | |0 001 3264175223 | ||
| LOK | |0 003 DE-627 | ||
| LOK | |0 004 27515890X | ||
| LOK | |0 005 20260119152826 | ||
| LOK | |0 008 150728||||||||||||||||ger||||||| | ||
| LOK | |0 040 |a DE-21-110 |c DE-627 |d DE-21-110 | ||
| LOK | |0 689 |a s |a Gefährdungsdelikte | ||
| LOK | |0 852 |z Kein Bestand am IfK; Nachweis für KrimDok | ||
| LOK | |0 852 |a DE-21-110 | ||
| LOK | |0 852 1 |m v |9 00 | ||
| LOK | |0 935 |a k110 | ||
| LOK | |0 938 |k v | ||
| LOK | |0 939 |a 28-07-15 |b l01 | ||
| ORI | |a SA-MARC-krimdoka001.raw | ||
